Match Bon Jovi songs to the album by its cover - Statistics

General Stats
  • This quiz has been taken 19 times
  • The average score is 17 of 30
Answer Stats
Hint Answer % Correct
Runaway
100%
It's My Life
82%
Born To Be My Baby
82%
You Give Love A Bad Name
82%
I'll Be There For You
73%
Keep The Faith
73%
Livin' On A Prayer
73%
Bed Of Roses
64%
Only Lonely
55%
Bad Medicine
55%
Stick To Your Guns
55%
She Don't Know Me
55%
Dry County
55%
In These Arms
55%
Wanted Dead Or Alive
55%
Never Say Goodbye
55%
Without Love
55%
Social Disease
55%
Let It Rock
55%
Silent Night
45%
Say It Isn't So
45%
Thank You For Loving Me
45%
Lay Your Hands On Me
45%
Homebound Train
45%
I Want You
45%
I'd Die For You
45%
The Price Of Love
36%
Living In Sin
27%
Shot Through The Heart
27%
Love Lies
18%
No matching quizzes found
Score Distribution
Percent of People with Each Score
Percentile by Number Answered
Your Score History
You have not taken this quiz